| 000 | 01771cam a22003854i 4500 | ||
|---|---|---|---|
| 003 | PE-LiUPU | ||
| 005 | 20250731184107.0 | ||
| 008 | 150616s1964 mx rb 000 0 spa d | ||
| 035 | _a(Sirsi) a3069 | ||
| 040 |
_aPE-LiUPU _bspa _cPE-LiUPU _dPE-LiUPU _erda |
||
| 049 | _aPRUA | ||
| 082 | 0 | 4 |
_a800 _bH39 _221 |
| 100 | 1 |
_aHenríquez Ureña, Pedro, _eautor. |
|
| 245 | 1 | 4 |
_aLas corrientes literarias en la América hispánica / _cPedro Henriquez Ureña. |
| 264 | 1 |
_aMéxico : _bFondo de Cultura Económica, _c1964. |
|
| 300 |
_a311 páginas ; _c22 centímetros |
||
| 336 |
_atext _2rdacontent |
||
| 337 |
_aunmediated _2rdamedia |
||
| 338 |
_avolume _2rdacarrier |
||
| 504 | _aIncluye bibliografía. | ||
| 505 | 0 | _aEl descubrimiento del Nuevo Mundo en la imaginación de Europa -- La creación de una sociedad nueva [1492-1600] -- El florecimiento del mundo colonial [1600-1800] -- La declaración de la independencia intelectual [1800-1830] -- Romanticismo y anarquía [1830-1860] -- El período de organización [1860-1890] -- Literatura pura [1890-1920] -- Problemas de hoy [1920-1940]. | |
| 526 | _aP145 | ||
| 526 | _aP127 | ||
| 526 | _aP97 | ||
| 526 | _aP14 | ||
| 526 | _aP07 | ||
| 650 | 0 | 4 | _aLiteratura hispanoamericana. |
| 910 |
_ajck _bjvq _cjck |
||
| 942 |
_2ddc _cBOOK |
||
| 949 |
_a800 H39 _wDEWEY _c1 _i07736 _lCCODEBUL1 _mBUL _p28.00 _r0 _sY _tBOOK _u19930830 _xEDUCACION _PP20 _0COMPRA _o.STAFF. Colección Ciencias Humanas y Educación |
||
| 994 |
_aC0 _bPEPRU |
||
| 596 | _a1 | ||
| 999 |
_a800 H39 _wDEWEY _c38160 _i07736 _d38160 _e2015-9-1 _f2021-11-5 _g5 _lCCODEBUL1 _mBUL _n1 _p28.00 _r0 _sY _tBOOK _u2015-6-16 _xBIBLIOTECA _PP20 _0COMPRA _o.STAFF. Colección Ciencias Humanas y Educación |
||
| 980 |
_81 _gALBERTO SANCHEZ Responsable de Automatización |
||